|
|
|
|
| LEADER |
00000nab a22000005a 4500 |
| 001 |
AR-BbUGT10129 |
| 003 |
AR-BbUGT |
| 005 |
20210513165622.0 |
| 007 |
ta |
| 008 |
180417s2016||||ag |||p |||| 0|||||spa d |
| 999 |
|
|
|c 15666
|d 15666
|
| 040 |
|
|
|a AR-BbUGT
|c AR-BbUGT
|
| 100 |
1 |
|
|a Río, Juan Pablo del
|
| 245 |
1 |
0 |
|a Tensiones entre hipoteca, suelo y política urbana. El caso del Pro.Cre.Ar en el partido de La Plata, provincia de Buenos Aires
|
| 653 |
|
|
|a Pro.Cre.Ar
|
| 653 |
|
|
|a Crédito hipotecario
|
| 653 |
|
|
|a Política urbana
|
| 653 |
|
|
|a Mercado del suelo
|
| 773 |
0 |
|
|o R7580.44
|g Vol. 19 (2016), p. 135-151
|t Estudios socioterritoriales
|x 1515-6206
|w AR-BbUGT7031
|
| 942 |
|
|
|2 ddc
|c ARTPP
|